000
00268nam a22001217a 4500
008
171027b xxu||||| |||| 00| 0 eng d
041
_a
eng
080
_a
336
100
_a
55
101
_a
MEN
245
_a
CORPORATE FINANCIAL MANAGEMENT
_c
KENT,R.P
942
_2
udc
_c
BK
999
_c
36021
_d
36021